000 00614nam a2200229Ia 4500
003 OSt
005 20221007080534.0
006 a|||||r|||| 00| 0
007 ta
008 221006b |||||||| |||| 00| 0 eng d
024 _a12,356
037 _cTextual
040 _aFLL
_cFLL
_beng
041 _2eng
_aeng
082 _aV2:21:(Z:5232), L3
100 _aNoorani A.G. Au.
_9610420
245 0 _aMinisters misconduct
260 _aNew Delhi
_bVikas pub. India
_c1973
300 _avi,412p
_ccm.
942 _hV2:21:(Z:5232), L3
_cTEXL
_2CC
999 _c1160022
_d1160022